Statistiken für League Of Legends (LoL) Champions

Klicken Sie hier um das Quiz zu spielen!

Allgemein

  • Dieses Quiz wurde 5.754 mal gespielt
    (2.573 seit der letzten Aktualisierung)
  • Das Durchschnittsergebnis liegt bei 88 aus 167

Antwortstatistiken

Champion% Korrekt
Aatrox
84%
Vi
80%
Lee Sin
79%
Ahri
77%
Ashe
77%
Darius
77%
Lux
76%
Miss Fortune
76%
Garen
75%
Jinx
75%
Zed
74%
Caitlyn
73%
Annie
71%
Blitzcrank
71%
Akali
70%
Yasuo
70%
Teemo
68%
Ezreal
66%
Anivia
65%
Aurelion Sol
65%
Braum
65%
Lulu
65%
Yone
65%
Lucian
64%
Nautilus
64%
Azir
63%
Master Yi
63%
Morgana
63%
Thresh
63%
Amumu
62%
Katarina
62%
Alistar
61%
Brand
61%
Heimerdinger
61%
Leona
61%
Tristana
61%
Warwick
61%
Bard
60%
Jhin
60%
Janna
59%
Sett
59%
Yuumi
59%
Gangplank
58%
Kai'Sa
58%
Nami
58%
Senna
58%
Draven
57%
Aphelios
56%
Jax
56%
Zyra
56%
Bel’Veth
55%
Irelia
55%
Kha'Zix
55%
Vayne
55%
Viktor
55%
Cho'Gath
54%
Xerath
54%
Zac
54%
Akshan
53%
Corki
53%
Ekko
53%
Malphite
53%
Mordekaiser
53%
Nasus
53%
Nunu & Willump
53%
Orianna
53%
Ornn
53%
Pyke
53%
Renekton
53%
Rengar
53%
Smolder
53%
Evelynn
52%
Fizz
52%
Gnar
52%
Jarvan IV.
52%
Kayle
52%
Rakan
52%
Samira
52%
Twisted Fate
52%
Veigar
52%
Volibear
52%
Jayce
51%
Maokai
51%
Seraphine
51%
Soraka
51%
Gragas
50%
Rek'Sai
50%
Sona
50%
Tryndamere
50%
Urgot
50%
Varus
50%
Vel'Koz
50%
Fiora
49%
Illaoi
49%
Olaf
49%
Poppy
49%
Twitch
49%
Viego
49%
Xayah
49%
Zoe
49%
Diana
48%
Galio
48%
Graves
48%
Hecarim
48%
Ivern
48%
Kayn
48%
Lissandra
48%
Rumble
48%
Syndra
48%
Camille
47%
Dr. Mundo
47%
Fiddlesticks
47%
Kalista
47%
Rammus
47%
Shaco
47%
Shen
47%
Sion
47%
Ziggs
47%
Cassiopeia
46%
Hwei
46%
Karma
46%
Kog'Maw
46%
Lillia
46%
Nidalee
46%
Nocturne
46%
Riven
46%
Sivir
46%
Udyr
46%
Yorick
46%
Kassadin
45%
Kennen
45%
Kindred
45%
Neeko
45%
Pantheon
45%
Quinn
45%
Tahm Kench
45%
Elise
44%
Karthus
44%
Sejuani
44%
Singed
44%
Xin Zhao
44%
Briar
43%
K'Sante
43%
Shyvana
43%
Talon
43%
Zilean
43%
Sylas
42%
Vex
42%
Zeri
42%
Malzahar
41%
Swain
41%
Trundle
41%
Kled
40%
LeBlanc
39%
Milio
39%
Qiyana
39%
Skarner
39%
Taric
39%
Gwen
38%
Renata Glasc
38%
Vladimir
38%
Rell
37%
Naafiri
36%
Ryze
36%
Wukong
36%
Nilah
33%
Taliyah
32%

Verteilung der Resultate

Perzentil nach korrekt beantworteten Fragen

Anzahl Personen mit jedem Resultat

Ihre Resultats-Entwicklung

Sie haben dieses Quiz seit der letzten Aktualisierung nicht gespielt